000 00386nam a22001697a 4500
003 OSt
008 230328b |||||||| |||| 00| 0 eng d
020 _a9789353167301
082 _a658.15 KHI
100 _aKHAN,MY
245 _aIndian Financial System
250 _a11th Ed
260 _aNew Delhi
_bTMH
300 _aMISC
650 _aIndian Financial System
942 _2ddc
_cREF
999 _c11915
_d11915